Project to Rapper - Statistics

General Stats
  • This quiz has been taken 5 times
  • The average score is 9 of 15
Answer Stats
Hint Answer % Correct
Grandson King Von
100%
Just a Matter of Slime YNW Melly
100%
Slime Season 2 Young Thug
100%
It’s a Scary Site Fredo Santana
67%
DS2 Future
67%
Demi God Julio Foolio
67%
Clout Lord King Lil Jay
67%
Signed to the Streets Lil Durk
67%
Married to the Money Speaker Knockerz
67%
G.L.O.N.L. Capo
33%
Back From the Dead 2 Chief Keef
33%
Trap House 3 Gucci Mane
33%
Project Baby Kodak Black
33%
Separate Myself L’A Capone
33%
Supa Savage Lil Reese
33%
No matching quizzes found
Score Distribution
Percent of People with Each Score
Percentile by Number Answered
Your Score History
You have not taken this quiz